| 000 | 00673cab a2200241 4500 | ||
|---|---|---|---|
| 001 | ABS52764 | ||
| 008 | 090401t1995 xxu||||| |||| 00| 0 eng d | ||
| 035 | _a(Sirsi) u15 | ||
| 041 | _aeng | ||
| 100 | _aHall, B. | ||
| 245 | _aProtection racket exposed by post-war listing plans | ||
| 260 | _c1995 | ||
| 350 | _a0 | ||
| 490 |
_aProperty Week _v51(2) 13 April 1995, 25(1) |
||
| 520 | _aReports on government moves to public consultation on listing post-war buildings. | ||
| 650 | _aLISTED BUILDINGS | ||
| 650 | _aLISTING | ||
| 650 | _aPOST-WAR BUILDINGS | ||
| 650 | _aPUBLIC CONSULTATIONS | ||
| 690 | _aPLANNING LAW AND PRACTICE | ||
| 942 | _n0 | ||
| 948 | _c04/03/1997 | ||
| 999 |
_c5 _d5 |
||